00422nam a2200145Ia 4500008004100000041000900041082001500050100002200065245002600087260003800113300000800151650000800159999001700167952009200184230718s9999 xx 000 0 und d aEng. a340bSHA-A aSharif, Mohammad  0aArbitration Act, 1940 aPakistanbMansour book havec2004 a152 aLaw c29127d29127 00104070aSIRC-LbSIRC-Ld2023-07-18l0o340 SHA-Ap24078r2023-07-18w2023-07-18yBK